Largest Islands in Hong Kong - Statistics

General Stats
  • This quiz has been taken 244 times
  • The average score is 8 of 18
Answer Stats
Size (KM2) Island % Correct
78.52 Hong Kong Island
95%
147.16 Lantau Island
92%
13.74 Lamma Island
83%
2.44 Cheung Chau
75%
10.69 Tsing Yi
59%
12.70 Chek Lap Kok
48%
3.69 Po Toi
45%
1.30 Ap Lei Chau
41%
1.16 Ping Chau
37%
0.97 Ma Wan
35%
0.97 Peng Chau
35%
1.93 Hei Ling Chau
28%
6.70 Kau Sai Chau
25%
2.42 Tung Lung Chau
25%
2.35 Kat O
18%
2.13 Wong Wan Chau
9%
1.69 Tap Mun Chau
8%
1.20 Tai A Chau
4%
No matching quizzes found
Score Distribution
Percent of People with Each Score
Percentile by Number Answered
Your Score History
You have not taken this quiz